000 00287nam a2200109Ia 4500
008 201210s9999 xx 000 0 und d
100 _aGhosh, Subratesh
245 0 _aPersonnel Management : Text and Cases
260 _aNew Delhi
_bOxford & IBH Publishing Co.
300 _a192
942 _cBK
999 _c5565
_d5565